[Event "CZE-ch U14"]
[Site "Kouty nad Desnou"]
[Date "2024.03.10"]
[Round "2"]
[White "Trcalek, Filip"]
[Black "Sotek, Simon"]
[Result "0-1"]
[WhiteElo "1615"]
[BlackElo "1793"]
[PlyCount "66"]
[EventDate "2024.03.09"]
[EventType "swiss"]
[EventRounds "9"]
[EventCountry "CZE"]
[SourceTitle "CB12_2024"]
[SourceDate "2023.10.01"]
[SourceVersion "1"]
[SourceVersionDate "2023.10.01"]
[SourceQuality "1"]

1. e4 d5 2. exd5 Nf6 3. d4 Nxd5 4. Nf3 Bg4 5. Be2 e6 6. 0-0 c6 7. h3 Bh5 8. c4 Nb6 9. c5 Nd5 10. Qb3 b6 11. cxb6 Qxb6 12. Nbd2 Bxf3 13. Bxf3 Nd7 14. Bxd5 cxd5 15. Qxb6 axb6 16. Nf3 Bd6 17. Be3 Ke7 18. Rfc1 f6 19. a3 b5 20. b4 Nb6 21. Nd2 Kd7 22. Kf1 Ra4 23. Rc3 Rha8 24. Nb3 Nc4 25. Nc5+ Bxc5 26. bxc5 b4 27. Rb3 Rxa3 28. Rab1 Rxb3 29. Rxb3 Ra4 30. Ke2 Kc6 31. g3 Kb5 32. h4 Ra1 33. Kd3 Ka4 0-1

[Event "CZE-ch U12"]
[Site "Luhacovice"]
[Date "2022.03.19"]
[Round "9"]
[White "Ruzicka, Oto"]
[Black "Sotek, Simon"]
[Result "0-1"]
[WhiteElo "1233"]
[BlackElo "1280"]
[PlyCount "72"]
[EventDate "2022.03.12"]
[EventType "swiss"]
[EventRounds "9"]
[EventCountry "CZE"]
[SourceTitle "EXT 2023"]
[Source "ChessBase"]
[SourceDate "2022.10.05"]
[SourceVersion "1"]
[SourceVersionDate "2022.10.05"]
[SourceQuality "1"]

1. e4 e5 2. f4 d6 3. Nf3 Nc6 4. Bb5 Bg4 5. 0-0 Nf6 6. Nc3 Be7 7. d3 0-0 8. Bxc6 bxc6 9. Be3 Nd7 10. Qd2 f5 11. Rae1 Bf6 12. h3 Bxf3 13. Rxf3 fxe4 14. Nxe4 exf4 15. Nxf6+ Qxf6 16. Bxf4 Qxb2 17. Re7 Nf6 18. Rxc7 Qb6+ 19. Be3 Qxc7 20. Rg3 Rf7 21. Qe2 Raf8 22. Bd4 d5 23. Rf3 c5 24. Bc3 d4 25. Bd2 Qe7 26. Qd1 Nd7 27. Rxf7 Qxf7 28. Qg4 Qf2+ 29. Kh2 Qxd2 30. Qxd7 Qxc2 31. Qe6+ Kh8 32. Qe7 Rg8 33. Qxa7 Qxd3 34. Qxc5 Qc3 35. Qe5 Rc8 36. a4 Qc7 0-1